Estadísticas para Presidentes por Estado de Origen

Haz click aquí para intentar la prueba.

Estadísticas generales

  • Esta prueba ha sido intentada 513 veces
    (249 desde el último reinicio)
  • La puntuación promedio es 24 de 45

Estadísticas de respuestas

PresidenteEstado% Correcto
Donald TrumpNueva York
95%
George W. BushTexas
81%
Ronald ReaganCalifornia
79%
George H. W. BushTexas
79%
Barack ObamaIllinois
73%
Joe BidenDelaware
68%
Bill ClintonArkansas
66%
Richard NixonCalifornia
65%
John F. KennedyMassachusetts
65%
Franklin D. RooseveltNueva York
65%
Jimmy CarterGeorgia
63%
Lyndon B. JohnsonTexas
62%
George WashingtonVirginia
62%
Theodore RooseveltNueva York
58%
Thomas JeffersonVirginia
57%
Abraham LincolnIllinois
55%
John AdamsMassachusetts
55%
John Quincy AdamsMassachusetts
55%
James MonroeVirginia
55%
Martin Van BurenNueva York
54%
James MadisonVirginia
53%
Warren HardingOhio
51%
Grover ClevelandNueva York
50%
William McKinleyOhio
50%
Herbert HooverCalifornia
49%
Millard FillmoreNueva York
49%
James GarfieldOhio
49%
William TaftOhio
49%
John TylerVirginia
49%
Gerald R. FordMíchigan
48%
Rutherford B. HayesOhio
48%
Calvin CoolidgeMassachusetts
47%
Chester A. ArthurNueva York
47%
William Henry HarrisonOhio
47%
James BuchananPensilvania
45%
Ulysses S. GrantIllinois
43%
Woodrow WilsonNueva Jersey
43%
Andrew JohnsonTennessee
43%
Andrew JacksonTennessee
43%
Dwight D. EisenhowerKansas
42%
Harry TrumanMisuri
42%
Benjamin HarrisonIndiana
38%
James K. PolkTennessee
37%
Franklin PierceNuevo Hampshire
34%
Zachary TaylorLouisiana
31%

Distribución de puntuación

Porcentaje por número respondido

Porcentaje de gente con cada puntuación

Historial de tus puntuaciones

No has intentado esta prueba desde el último reinicio